000 00452nam a2200157Ia 4500
008 240404s9999 xx 000 0 und d
020 _a9789384746346
041 _aEnglish
082 _a343.087  SCH;1  R
100 _aSchmitthoff. Murray, Carole. Holloway, David...[et al].
245 4 _aThe law and practice of international trade
250 _a12th ed.
260 _c2012
_bSweet & Maxwell
_aLondon
300 _aclxviii, 1027
942 _cAA
999 _c296393
_d296393